Effects of radiation on materials : (Record no. 145351)
[ view plain ]
| 000 -LEADER | |
|---|---|
| fixed length control field | 01204cam a2200289Ia 4500 |
| 008 - FIXED-LENGTH DATA ELEMENTS--GENERAL INFORMATION | |
| fixed length control field | |
| 020 ## - INTERNATIONAL STANDARD BOOK NUMBER | |
| International Standard Book Number | 0803114885 (hbk.) |
| 049 ## - LOCAL HOLDINGS (OCLC) | |
| Holding library | MAIN |
| 090 ## - LOCALLY ASSIGNED LC-TYPE CALL NUMBER (OCLC); LOCAL CALL NUMBER (RLIN) | |
| Classification number (OCLC) (R) ; Classification number, CALL (RLIN) (NR) | TA418.6EFF |
| 003 - CONTROL NUMBER IDENTIFIER | |
| control field | |
| 005 - DATE AND TIME OF LATEST TRANSACTION | |
| control field | 20230123133241.0 |
| 040 ## - CATALOGING SOURCE | |
| Transcribing agency | NUST |
| 245 00 - TITLE STATEMENT | |
| Title | Effects of radiation on materials : |
| Remainder of title | 16th international symposium / |
| Statement of responsibility, etc. | Arvin S. Kumar ... [et al.], editors. |
| 260 ## - PUBLICATION, DISTRIBUTION, ETC. | |
| Place of publication, distribution, etc. | Philadelphia, PA : |
| Name of publisher, distributor, etc. | ASTM, |
| Date of publication, distribution, etc. | c1994. |
| 300 ## - PHYSICAL DESCRIPTION | |
| Extent | 1325 p. : |
| Other physical details | ill. ; |
| Dimensions | 24 cm. |
| 440 ## - SERIES STATEMENT/ADDED ENTRY--TITLE | |
| Title | STP, |
| International Standard Serial Number | 1050-7515 ; |
| Volume/sequential designation | 1175 |
| 500 ## - GENERAL NOTE | |
| General note | "ASTM publication code number (PCN) 04-011750-35." |
| 500 ## - GENERAL NOTE | |
| General note | "Contains papers presented at the symposium of the same name, held in Aurora, CO on 23-25 June, 1992"--Foreword. |
| 504 ## - BIBLIOGRAPHY, ETC. NOTE | |
| Bibliography, etc. note | Includes bibliographical references and indexes. |
| 650 #0 - SUBJECT ADDED ENTRY--TOPICAL TERM | |
| Topical term or geographic name entry element | Materials |
| General subdivision | Effect of radiation on |
| Form subdivision | Congresses. |
| 700 1# - ADDED ENTRY--PERSONAL NAME | |
| Personal name | Kumar, A. S. |
| Fuller form of name | (Arvind S.) |
| 710 2# - ADDED ENTRY--CORPORATE NAME | |
| Corporate name or jurisdiction name as entry element | ASTM Committee E-10 on Nuclear Technology and Applications. |
| 711 2# - ADDED ENTRY--MEETING NAME | |
| Meeting name or jurisdiction name as entry element | International Symposium on Effects of Radiation on Materials |
| Number of part/section/meeting | (16th : |
| Date of meeting or treaty signing | 1992 : |
| Location of meeting | Aurora, Co.) |
| 830 #0 - SERIES ADDED ENTRY--UNIFORM TITLE | |
| Uniform title | ASTM special technical publication ; |
| Volume/sequential designation | 1175. |
| 907 ## - LOCAL DATA ELEMENT G, LDG (RLIN) | |
| a | .b10065829 |
| b | 18-01-06 |
| c | 17-04-03 |
| 942 ## - ADDED ENTRY ELEMENTS (KOHA) | |
| Koha item type | Ordinary Loan Books |
| Call number prefix | TA418.6EFF |
| Date last seen | Total Checkouts | Full call number | Barcode | Cost, replacement price | Price effective from | Koha item type | Lost status | Source of classification or shelving scheme | Damaged status | Not for loan | Collection | Withdrawn status | Home library | Current library | Shelving location | Date acquired | Cost, normal purchase price |
|---|---|---|---|---|---|---|---|---|---|---|---|---|---|---|---|---|---|
| 01/23/2023 | TA418.6 EFF | 92003017604 | 80.00 | 01/23/2023 | BOOKS | LCC | NFIC | MAIN | MAIN | GEN | 01/23/2023 | 80.00 |